| 000 | 00747nam a2200229 a 4500 | ||
|---|---|---|---|
| 001 | 32922 | ||
| 003 | BD-RjUL | ||
| 005 | 20211209051921.0 | ||
| 008 | 140429s1961 ii b 001 0 eng d | ||
| 035 | _a(BD-RjUL)33012 | ||
| 040 |
_aDLC _cDLC _dBTCTA _dBAKER _dYDXCP _dC#P _dBWX _dVP@ _dAU@ _dDLC _dBD-RjUL _beng |
||
| 041 | _aeng | ||
| 082 | 0 | 0 |
_a294.592404521 _222 _bGUB 1961 |
| 100 | 1 |
_aGuru, Nataraja _9100077 |
|
| 245 | 1 | 4 |
_aThe Bhagavad Gita : _cby Nataraja Guru _ba sublime hymn of dialectics composed by the antique sage-bard Vyāsa / |
| 260 |
_aBombay : _bAsia Pub. House, _c1961. |
||
| 300 |
_axv, 763p. ; _c21 cm. |
||
| 504 | _aIncludes index | ||
| 650 | 0 |
_aHinduism _vSacred books. _998041 |
|
| 942 |
_2ddc _cBK |
||
| 999 |
_c32922 _d32922 |
||